University Home | Library Home | Institutional Repository

A textbook of perioperative care / (Record no. 216073)

MARC details
000 -LEADER
fixed length control field 01376cam a2200409 i 4500
001 - CONTROL NUMBER
control field 23224120
003 - CONTROL NUMBER IDENTIFIER
control field OSt
005 - DATE AND TIME OF LATEST TRANSACTION
control field 20260113093048.0
008 - FIXED-LENGTH DATA ELEMENTS--GENERAL INFORMATION
fixed length control field 230712t20232023paua b 001 0 eng d
010 ## - LIBRARY OF CONGRESS CONTROL NUMBER
LC control number 2023277984
015 ## - NATIONAL BIBLIOGRAPHY NUMBER
National bibliography number GBC2E1320
Source bnb
020 ## - INTERNATIONAL STANDARD BOOK NUMBER
International Standard Book Number 9780443072857
Qualifying information (hardback)
020 ## - INTERNATIONAL STANDARD BOOK NUMBER
International Standard Book Number 044307285x
Qualifying information (hardback)
035 ## - SYSTEM CONTROL NUMBER
System control number 23224120
035 ## - SYSTEM CONTROL NUMBER
System control number (OCoLC)1346308182
040 ## - CATALOGING SOURCE
Original cataloging agency LC
Language of cataloging eng
Description conventions rda
Transcribing agency UNZA
042 ## - AUTHENTICATION CODE
Authentication code lccopycat
050 00 - LIBRARY OF CONGRESS CALL NUMBER
Classification number RD52
Item number WOO 2005
100 ## - MAIN ENTRY--PERSONAL NAME
Personal name Woodhead, Kate
245 00 - TITLE STATEMENT
Title A textbook of perioperative care /
Statement of responsibility, etc. Kate Woodhead; Paul Wicker.
260 ## - PUBLICATION, DISTRIBUTION, ETC.
Place of publication, distribution, etc. Edinurgh :
Name of publisher, distributor, etc. Elsevier,
Date of publication, distribution, etc. 2005.
300 ## - PHYSICAL DESCRIPTION
Extent xii, 401 pages :
Other physical details illustrations
336 ## - CONTENT TYPE
Content type term text
Content type code txt
Source rdacontent
336 ## - CONTENT TYPE
Content type term still image
Content type code sti
Source rdacontent
337 ## - MEDIA TYPE
Media type term unmediated
Media type code n
Source rdamedia
338 ## - CARRIER TYPE
Carrier type term volume
Carrier type code nc
Source rdacarrier
504 ## - BIBLIOGRAPHY, ETC. NOTE
Bibliography, etc. note Includes bibliographical references and index
650 #0 - SUBJECT ADDED ENTRY--TOPICAL TERM
Topical term or geographic name entry element Transesophageal echocardiography.
650 #0 - SUBJECT ADDED ENTRY--TOPICAL TERM
Topical term or geographic name entry element Intraoperative monitoring.
650 12 - SUBJECT ADDED ENTRY--TOPICAL TERM
Topical term or geographic name entry element Echocardiography, Transesophageal
General subdivision methods
650 22 - SUBJECT ADDED ENTRY--TOPICAL TERM
Topical term or geographic name entry element Intraoperative Care
650 #7 - SUBJECT ADDED ENTRY--TOPICAL TERM
Topical term or geographic name entry element Intraoperative monitoring.
Source of heading or term fast
Authority record control number or standard number (OCoLC)fst00977793
650 #7 - SUBJECT ADDED ENTRY--TOPICAL TERM
Topical term or geographic name entry element Transesophageal echocardiography.
Source of heading or term fast
Authority record control number or standard number (OCoLC)fst01154587
700 1# - ADDED ENTRY--PERSONAL NAME
Personal name Wicker, Paul
942 ## - ADDED ENTRY ELEMENTS (KOHA)
Source of classification or shelving scheme Library of Congress Classification
Koha item type Book
Holdings
Withdrawn status Lost status Source of classification or shelving scheme Damaged status Not for loan Collection code Home library Current library Shelving location Date acquired Total Checkouts Full call number Barcode Date last seen Copy number Cost, replacement price Price effective from Koha item type
    Library of Congress Classification     Non-fiction Nursing Sciences Nursing Sciences On Shelf 01/13/2026   RD52 WOO 2005 33729005166215 01/13/2026 1 300.00 01/13/2026 Book
© 2026 - The University of Zambia Library - Koha v25.11